| 000 | 00908cam a22002054a 4500 | ||
|---|---|---|---|
| 999 |
_c535038 _d535038 |
||
| 020 | _a9698938001 | ||
| 082 | _a954.6 | ||
| 100 | 1 |
_aParācah, T̤āriq Faiz̤, _d1935- |
|
| 245 | 1 | 0 |
_aKashmīr : _bankahī kahānī / _cT̤āriq Faiz̤ Parācah. |
| 260 |
_a[Muzaffarabad, Azad Kashmir] : _bMaktabah-yi Faiz̤, _c[2001?] |
||
| 300 |
_a25, 334 p. : _bcol. ill., maps ; _c25 cm. |
||
| 942 |
_2ddc _cBK |
||
| 504 | _aIncludes bibliographical references (p. 325-334). | ||
| 650 | 0 |
_aPostmasters _929528 |
|
| 710 | 2 | _929529 | |